Przeżyłem...

Titel: Przeżyłem... : wspomnienia więźnia obozu koncentracyjnego na Majdanku / Zacheusz Pawlak ; [redakcja naukowa Marta Grudzińska].
Verfasser:
Beteiligt:
Ausgabe: Trzecie wydanie.
Veröffentlicht: Warszawa; [Lublin] : Państwowe Muzeum na Majdanku, 2025
Umfang: 590, [1] Seiten : Illustrationen, Karten, Plänen ; 21 cm
Format: Buch
Sprache: Polnisch
RVK-Notation:
Schlagworte:
ISBN: 9788383912073 ; 8383912072
Buchumschlag
X
alg: 53168198
001A    $03004:11-07-25 
001B    $01999:30-08-25 $t12:56:55.000 
001D    $03004:11-07-25 
001U    $0utf8 
001X    $00 
002@    $0Aau 
002C    $aText $btxt $2rdacontent 
002D    $aohne Hilfsmittel zu benutzen $bn $2rdamedia 
002E    $aBand $bnc $2rdacarrier 
003@    $053168198X 
003O    $01527667172 $aOCoLC 
004A    $A978-83-8391-207-3 $f((oprawa twarda ;) 
004A    $083-8391-207-2 
006C    $01522796822 $aOCoLC 
007A    $053168198X $aHEB 
007G    $0 
009P    $qapplication/pdf $A2 $3Cover $uhttp://scans.hebis.de/HEBCGI/show.pl?53168198_cov.pdf $mV:DE-603;B:DE-Mb50 
009P    $qapplication/pdf $A2 $3Register $uhttp://scans.hebis.de/HEBCGI/show.pl?53168198_idx.pdf $mV:DE-603;B:DE-Mb50 
009P    $qapplication/pdf $A2 $3Inhaltsverzeichnis $uhttp://scans.hebis.de/HEBCGI/show.pl?53168198_toc.pdf $mV:DE-603;B:DE-Mb50 
010@    $apol 
010E    $erda 
011@    $a2025 $n2025 
013D    $RQuelle $RBericht $RTagebuch $#Personal narratives $#Récits personnels $#Relatos personales $#Erfahrungsbericht $#Augenzeugenbericht Formschlagwort $#Eindrücke Formschlagwort $#Erlebnisgeschichte $#Reportage Formschlagwort $#Erfahrungsbericht $#Persönlicher Bericht $74133254-4 $8Erlebnisbericht [Ts1] $9085482919 
021A    $aPrzeżyłem... $dwspomnienia więźnia obozu koncentracyjnego na Majdanku $hZacheusz Pawlak ; [redakcja naukowa Marta Grudzińska]. 
028A    $BVerfasser $4aut $7118739727 $8Pawlak, Zacheusz [Tp1] $9087080443 
028C    $BHerausgeber $#Herling-Grudzińska, Marta $4edt $71167452364 $8Herling, Marta$Z1957- [Tp3] $943692420X 
032@    $aTrzecie wydanie. 
033A    $pWarszawa $p[Lublin] $nPaństwowe Muzeum na Majdanku 
034D    $a590, [1] Seiten 
034I    $a21 cm 
034M    $aIllustrationen, Karten, Plänen 
037A    $aDrugie miejsce wydania na podstawie siedziby wydawcy. 
044A    $aPawlak, Zacheusz $S10 $d1922-1991 $N600 
044A    $aMajdanek (Concentration camp) $S20 $N610 
044A    $aWorld War, 1939-1945 $S#0 $xPrisoners and prisons, German $N650 
044A    $aPamiętniki i wspomnienia $2dbn $S#7 $N655 
044K    $7118739727 $8Pawlak, Zacheusz [Tp1] $9087080443 
044K    $#KZ Majdanek $#obóz koncentracyjny Majdanek $74268005-0 $8Konzentrationslager Majdanek [Tb1] $9086433342 
045F    $a355.00943809043 $eDDC23BSB 
045F/01 $a355.009 
045F/03 $f09043 
045F/03 $f09044 
045F/03 $g438 
045R    $aGeschichte 
045Z    $8NQ 2350 [Tkv] $9410912255 
045Z    $8NQ 2360 [Tkv] $9410912263 
047C    $aWspomnienia więźnia obozu koncentracyjnego na Majdanku 

lok: 53168198 24

exp: 53168198 24 1 #EPN
201B/01 $020-08-25 $t16:50:07.000 
201C/01 $011-07-25 
201U/01 $0utf8 
203@/01 $01313845388 
208@/01 $a20-08-25 $bz 
209A/01 $a25.04337 $du $f050 $h25 04337 $x00 
209C/01 $a25.04337 K $h25 04337 K 
209G/01 $a75089600 $x00 
220C/01 $ahae 
247C/01 $8358050-7 Marburg, Bibliothek des Herder-Instituts Marburg $9102600961
LEADER 00000cam a2200000 c 4500
001 53168198X
003 DE-603
005 20250830125655.0
007 tu
008 250711s2025 xx |||| | u00||u|pol c
020 |a 9788383912073  |c ((oprawa twarda ;) 
020 |a 8383912072 
035 |a (DE-599)HEB53168198X 
035 |a (OCoLC)1527667172 
040 |a DE-603  |b ger  |c DE-603  |d DE-603  |e rda 
041 |a pol 
082 0 4 |8 1\u  |a 355.00943809043  |q DE-101  |2 23/BSB 
084 |a NQ 2350  |0 (DE-625)128254:  |0 (DE-603)410912255  |2 rvk 
084 |a NQ 2360  |0 (DE-625)128255:  |0 (DE-603)410912263  |2 rvk 
085 |8 1\u  |b 355.009 
085 |8 1\u  |z 1  |s 09043 
085 |8 1\u  |z 1  |s 09044 
085 |8 1\u  |z 2  |s 438 
100 1 |a Pawlak, Zacheusz  |e Verfasser  |4 aut  |0 (DE-603)087080443  |0 (DE-588)118739727  |2 gnd 
245 0 0 |a Przeżyłem...  |b wspomnienia więźnia obozu koncentracyjnego na Majdanku  |c Zacheusz Pawlak ; [redakcja naukowa Marta Grudzińska]. 
246 1 0 |a Wspomnienia więźnia obozu koncentracyjnego na Majdanku 
250 |a Trzecie wydanie. 
264 1 |a Warszawa  |a [Lublin]  |b Państwowe Muzeum na Majdanku  |c 2025 
300 |a 590, [1] Seiten  |b Illustrationen, Karten, Plänen  |c 21 cm 
336 |a Text  |b txt  |2 rdacontent 
337 |a ohne Hilfsmittel zu benutzen  |b n  |2 rdamedia 
338 |a Band  |b nc  |2 rdacarrier 
500 |a Drugie miejsce wydania na podstawie siedziby wydawcy. 
600 1 7 |a Pawlak, Zacheusz  |0 (DE-588)118739727  |0 (DE-603)087080443  |2 gnd 
610 1 7 |a Konzentrationslager Majdanek  |2 gnd  |0 (DE-588)4268005-0  |0 (DE-603)086433342 
648 7 |a Geschichte  |2 gnd 
655 7 |a Erlebnisbericht  |2 gnd-content  |0 (DE-588)4133254-4  |0 (DE-603)085482919 
700 1 |a Herling, Marta  |d 1957-  |e Herausgeber  |4 edt  |0 (DE-603)43692420X  |0 (DE-588)1167452364  |2 gnd 
856 4 2 |m V:DE-603;B:DE-Mb50  |q application/pdf  |u http://scans.hebis.de/HEBCGI/show.pl?53168198_cov.pdf  |3 Cover 
856 4 2 |m V:DE-603;B:DE-Mb50  |q application/pdf  |u http://scans.hebis.de/HEBCGI/show.pl?53168198_idx.pdf  |3 Register 
856 4 2 |m V:DE-603;B:DE-Mb50  |q application/pdf  |u http://scans.hebis.de/HEBCGI/show.pl?53168198_toc.pdf  |3 Inhaltsverzeichnis 
924 0 |9 Mb 50  |a (DE-603)1313845388  |b DE-Mb50  |c HES  |d c  |g 25.04337